Obchodné rokovanie, odlišnosti kultúr, etiketa v podnikaní

Uložené v:
Podrobná bibliografia
Hlavný autor: Knapik, Peter
Médium: Kapitola
Jazyk:Slovak
Tagy: Pridať tag
Žiadne tagy, Buďte prvý, kto otaguje tento záznam!

MARC

LEADER 00000naa$a2200000$$$4500
001 0066444
005 20240502071805.3
041 0 |a slo 
044 |a SK 
245 1 0 |a Obchodné rokovanie, odlišnosti kultúr, etiketa v podnikaní  |c Peter Knapik 
100 1 |a Knapik, Peter